| 000 | 00779cam a22002417 4500 | ||
|---|---|---|---|
| 001 | a4574006 | ||
| 003 | CO-ViMGA | ||
| 005 | 20230915223801.0 | ||
| 008 | 090729s2009 sp a | |||| 000 c spa | ||
| 020 | _a9788498851717 | ||
| 040 |
_aCO-ViMGA _bspa _cCO-ViMGA |
||
| 041 | 1 | _heng | |
| 082 | 0 | 4 |
_a741.5 _bG14i |
| 100 | 1 |
_aGaiman, Neil _d1960- _92636 |
|
| 245 | 1 | 0 |
_a1602 / _cNeil Gaiman [guión] ; Andy Kubert [dibujo] ; Richard Isanove [color] ; traducción, Gonzalo Quesada |
| 260 |
_aTorroella de Montgrí _bPanini España _ccop. 2009. |
||
| 300 |
_a[242] p. _bprincipalmente il. col. _c27 cm. |
||
| 490 | 0 | _aMarvel deluxe | |
| 650 | 1 | 4 |
_aComics _9284 |
| 650 | 1 | 4 |
_aTiras comicas, historietas, etc. _92479 |
| 700 | 1 |
_aKubert, Andy _d1962- _edibujante _99094 |
|
| 942 |
_2ddc _cBK |
||
| 999 |
_c10385 _d10385 |
||